Statistics for Name a Valid Country #1

Click here to take the quiz!

General Stats

  • This quiz has been taken 277 times
    (232 since last reset)
  • The average score is 14 of 15

Answer Stats

Name a Country...Answer% Correct
that is the largest in their continentAlgeria | Australia | Brazil | Canada | China | Russia | Ukraine
100%
in the Middle EastBahrain | Cyprus | Egypt | Iraq | Iran | Israel | Jordan | Kuwait | Lebanon |
Oman | Qatar | Saudi Arabia | Syria | Turkey | United Arab Emirates | Yemen
100%
whose name starts with UnitedUnited Arab Emirates | United Kingdom | United States
100%
that has sent astronauts to the spaceAfghanistan | Australia | Austria | Belgium | Brazil | Bulgaria | Canada | China |
Cuba | Czechoslovakia | Denmark | France | Germany | Hungary | Italy | India |
Israel | Japan | Kazakhstan | Malaysia | Mexico | Mongolia | The Netherlands |
Poland | Romania | Russia | Saudi Arabia | Slovakia | South Africa |
South Korea | Soviet Union | Spain | Sweden | Switzerland | Syria | Ukraine | United Arab Emirates | United Kingdom | United States | Vietnam
99%
that borders GermanyAustria | Belgium | Czech Republic | Denmark | France | Luxembourg |
The Netherlands | Poland | Switzerland
99%
that only borders one other countryBrunei | Canada | Denmark | Dominican Republic | The Gambia |
Haiti | Ireland | Lesotho | Monaco | Papua New Guinea | Portugal | Qatar |
San Marino | South Korea | Timor-Leste | United Kingdom | Vatican City
99%
that is considered to be microstateAndorra | Antigua and Barbuda | Barbados | The Bahamas | Bahrain | Belize |
Brunei | Dominica | Grenada | Iceland | Kiribati | Liechtenstein | Maldives |
Malta | Marshall Islands | F.S. Micronesia | Monaco | Nauru | Palau |
Saint Kitts and Nevis | Saint Lucia | Saint Vincent and the Grenadines |
Samoa | San Marino | São Tomé and Príncipe | Seychelles | Singapore |
Tonga | Tuvalu | Vanuatu | Vatican City
98%
in the CaribbeanAntigua and Barbuda | The Bahamas | Barbados | Cuba | Dominica |
Dominican Republic | Grenada | Haiti | Jamaica | St Kitts and Nevis |
St Lucia |St Vincent and the Grenadines | Trinidad and Tobago
97%
that is the smallest in their continentMaldives | Nauru | Saint Kitts and Nevis | Seychelles | Suriname | Vatican City
97%
that are completely surrounded
by another country
Lesotho | San Marino | Vatican City
95%
that touches Tropic of CancerAlgeria | The Bahamas | Bangladesh | China | Egypt | India | Libya | Mali |
Mauritania | Mexico | Morocco | Myanmar | Niger | Oman | Saudi Arabia |
Taiwan | United Arab Emirates
91%
that touches Prime MeridianAlgeria | Burkina Faso | France | Ghana | Mali | Spain | Togo | United Kingdom
90%
that touches Tropic of CapricornArgentina | Australia | Botswana | Brazil | Chile | Madagascar | Mozambique |
Namibia | Paraguay
89%
that begins or ends with a unique letterBangladesh | Denmark | Luxembourg | Iraq | Qatar | Oman | Yemen
89%
that borders Lake VictoriaKenya | Tanzania | Uganda
78%

Score Distribution

Percentile by Number Answered

Percent of People with Each Score

Your Score History

You have not taken this quiz since the last reset